000 00431nam a2200157Ia 4500
008 241217s9999||||xx |||||||||||||| ||und||
020 _a9780534558444
_c55.8
040 _beng
_cSSK Library
_erda
082 _a160/EPS
100 _a Richard L. Epstein
245 4 _aThe Pocket Guide To Critical Thinking
260 _b Wadsworth
_c©2000
942 _2Dewey Decimal Classification
_cBOOK
_nNo
999 _c23477
_d23477
003 OSt
005 20241217112904.0